MARC

LEADER 00000nam0a2200000 4500
001 324393
005 20231102003650.0
035 |a (RuTPU)RU\TPU\book\349991 
090 |a 324393 
100 |a 20161115d1978 km y0rusy50 ca 
101 0 |a rus 
102 |a RU 
105 |a a z 001zy 
200 1 |a Аэродинамика факела  |f Л. А. Вулис, Л. П. Ярин 
210 |a Ленинград  |c Энергия  |d 1978 
215 |a 216 с.  |c ил. 
320 |a Библиогр.: с. 210-214 (101 назв.) 
606 1 |a Газовый факел  |x Теория  |2 stltpush  |3 (RuTPU)RU\TPU\subj\33055  |9 55402 
610 1 |a аэродинамика 
610 1 |a расчеты 
610 1 |a ламинарный факел 
610 1 |a расчетные таблицы 
610 1 |a струи 
610 1 |a управление 
675 |a 662.612.3  |v 4 
700 1 |a Вулис  |b Л. А.  |g Лев Абрамович 
701 1 |a Ярин  |b Л. П.  |g Леонид Петрович 
801 1 |a RU  |b 63413507  |c 20161115 
801 2 |a RU  |b 63413507  |c 20161117  |g RCR 
942 |c BK